| 000 | 00638nam a2200241 a 4500 | ||
|---|---|---|---|
| 999 |
_c4228 _d4228 |
||
| 001 | 4228 | ||
| 003 | BD-JhCC | ||
| 005 | 20171207171012.0 | ||
| 008 | 171125s1976 usa||||| |||| 00| 0 eng d | ||
| 020 | _a06692032856 | ||
| 035 | _a(BD-JhCC)4228 | ||
| 040 |
_aBD-JhCC _dBD-JhCC |
||
| 041 | _aeng | ||
| 082 |
_a428.6 _bWOO 1976 |
||
| 100 | _aWoodruff, Willard G. | ||
| 245 |
_aWorking Words In Spelling : _blevel F / _cG. Willard Woodruff and George N. Moore |
||
| 260 |
_aUSA : _bD.C. Heath and Company _c1976. |
||
| 300 |
_a176 p. : _c23 cm. |
||
| 650 | _aSpeling | ||
| 650 | _aEnglish Language | ||
| 942 |
_2ddc _cBK |
||